| 000 | 00435nam a2200169Ia 4500 | ||
|---|---|---|---|
| 008 | 230524s9999 xx 000 0 und d | ||
| 082 |
_a1.42 _bGAR |
||
| 100 | _aVinod Kumar Garg | ||
| 245 | 0 | _aEnterprise Resource Planning: Concepts and Practice | |
| 250 | _a2ND | ||
| 260 |
_aNEW DELHI _bPHI _c2011 |
||
| 300 | _aVII;185 | ||
| 500 | _aQuantity Number: 2 | ||
| 650 | _aManagement | ||
| 700 | _a N.K.Venkitakrishnan | ||
| 942 | _cBK | ||
| 999 |
_c49206 _d49206 |
||